000 00265nam a2200109Ia 4500
008 220713s9999 xx 000 0 und d
020 _a978 0 7166 0108 1
082 _aREF 032 WORL
100 _aNo author, editors only
245 0 _aWorld Book Vol 2
942 _cBK
_w561
_xJohn Tresidder
_y561
_zJohn Tresidder
999 _c707949
_d707948